Cool Country Quiz - Statistics

General Stats
  • This quiz has been taken 26 times
  • The average score is 14 of 14
Answer Stats
Attributes Countries % Correct
Is a -stan country Afghanistan | Kazakhstan | Kyrgyzstan | Pakistan | Tajikistan | Turkmenistan | Uzbekistan
100%
Is in the Top Ten Biggest Countries by Land Area Algeria | Argentina | Australia | Brazil | Canada | China | India | Kazakhstan | United States of America
100%
Borders France Andorra | Belgium | Brazil | Germany | Italy | Luxembourg | Monaco | Spain | Suriname | Switzerland | The Netherlands
100%
Is a European Microstate Andorra | Liechtenstein | Luxembourg | Monaco | San Marino | Vatican City
100%
Is a Caribbean Island Nation Antigua and Barbuda | Bahamas | Barbados | Cuba | Dominica | Dominican Republic | Grenada | Haiti | Jamaica | Saint Kitts and Nevis | Saint Lucia | Saint Vincent and the Grenadines | Trinidad and Tobago
100%
Has more than one word in its name Antigua and Barbuda | Bosnia and Herzegovina | Burkina Faso | Central African Republic | D. R. Congo | Dominican Republic | East Timor | El Salvador | Equatorial Guinea | Federated States of Micronesia | Guinea-Bissau | Ivory Coast | Marshall Islands | New Zealand | North Korea | North Macedonia | Papua New Guinea | Saint Kitts and Nevis | Saint Lucia | Saint Vincent and the Grenadines | San Marino | Sao Tome and Principe | Saudi Arabia | Sierra Leone | Solomon Islands | South Africa | South Korea | South Sudan | Sri Lanka | Trinidad and Tobago | United Arab Emirates | United Kingdom | United States of America | Vatican City
100%
Is a Spanish speaking country Argentina | Bolivia | Chile | Colombia | Costa Rica | Cuba | Dominican Republic | Ecuador | El Salvador | Equatorial Guinea | Guatemala | Honduras | Mexico | Nicaragua | Panama | Paraguay | Peru | Spain | Uruguay | Venezuela
100%
Borders Russia Azerbaijan | China | Estonia | Finland | Georgia | Japan | Kazakhstan | Latvia | Lithuania | Mongolia | North Korea | Norway | Poland | Ukraine
100%
Has a population of over 100 million Bangladesh | Brazil | China | Egypt | Ethiopia | India | Indonesia | Japan | Mexico | Nigeria | Pakistan | Philippines | Russia | United States of America
100%
Is a North-, South-, East-, or West- country East Timor | North Korea | North Macedonia | South Africa | South Korea | South Sudan
100%
Starts with K Kazakhstan | Kenya | Kiribati | Kosovo | Kuwait | Kyrgyzstan
100%
Has a Q in its name Equatorial Guinea | Iraq | Mozambique | Qatar
96%
Is a Pacific Island Nation Federated States of Micronesia | Fiji | Kiribati | Marshall Islands | Nauru | New Zealand | Palau | Papua New Guinea | Samoa | Solomon Islands | Tonga | Tuvalu | Vanuatu
96%
Is only one letter different from another country's name Iceland | Iran | Iraq | Ireland
78%
No matching quizzes found
Score Distribution
Percent of People with Each Score
Percentile by Number Answered
Your Score History
You have not taken this quiz